000 00797nab a2200241 u 4500
001 19587
003 HDC
007 cr bn ---aaaaa
008 210302c |r|noo 0 a d
040 _aHDC
245 0 _aEUROPE: TESCO RETAILS HALAL CHICKEN MEAT RANGE
260 _a[No place] :
_b[publisher not identified],
_c2016
336 _atext
_2rdacontent
337 _acomputer
_2rdamedia
338 _aonline resource
_2rdacarrier
650 _aHalal certificate
_9482
650 _aHalal food industry
_9128
710 _aFOOD NEWS INTERNATIONAL
856 _zRequest full-text at [email protected]
942 _2lcc
942 _cNEWS
942 _kNWSO 009765
999 _c16903
_d16903